| 000 | 00327nam a22001337a 4500 | ||
|---|---|---|---|
| 020 | _a0-333-39926-9 | ||
| 082 | _a531.02462 DRA'E | ||
| 100 |
_aDRABBLE, L. E _976739 |
||
| 245 | _aELEMENTARY ENGINEERING MECHANICS | ||
| 260 |
_aLONDON _bMACMILLAN _c1986 |
||
| 300 | _a268P | ||
| 650 |
_aMECHANICS APPLIED _913090 |
||
| 942 | _cBK | ||
| 999 |
_c582077 _d582077 |
||